000 00759cam a2200217 a 4500
999 _c331679
_d331679
001 1084952
003 NUST
005 20171013104913.0
008 911223r19901921pk 000 0 eng
010 _a 91930445
040 _aDLC
_cDLC
050 0 0 _aDS392.S49
_bG39 1990
082 _a954.914
_bGAZ
245 0 0 _aGazetteer of the Sialkot District, 1920.
260 _aLahore :
_bSang-e-Meel Publications,
_c1990.
300 _aiv, 204 p. ;
_c25 cm.
500 _aOriginally published: Lahore : Punjab Govt., 1921.
651 0 _aSialkot District (Pakistan)
_91338
906 _a7
_bcbc
_corignew
_d2
_encip
_f19
_gy-gencatlg
942 _2ddc
_cBK